000 00778nam0a22002291 4500
001 rc\1115836
005 20250622183056.0
035 _a(NLR Aleph) 006359377
090 _a4885629
_c4885629
100 _a20041126d1982 |||y0rusy50 ca
101 0 _arus
102 _aRU
105 _aa |||||||||
200 1 _aˆ"‰И бысть сеча велика..."
_eИст. рассказ
_e[Для ст. шк. возраста]
_fСергей Наровчатов
_g[Рис. И. Непомнящего]
210 _aМ.
_cДет. лит.
_d1982
215 _a78 с.
_cцв. ил.
_d17
700 1 _aНаровчатов
_bС.С.
_f1919-1981
_gСергей Сергеевич
801 0 _aRU
_bNLR
_gpsbo
801 1 _aRU
_bELAR
_2rusmarc
852 _aNLR
_j83-2/1394
942 _cBOOK
980 _aNB